Principios de criminología (Registro nro. 8969)

Detalles MARC
000 -Cabecera
Campo de control de longitud fija 01387ata a2200493 4500
005 - Fecha y hora de la última transacción
Campo de control 20260217172716.0
008 - Elementos de longitud fija--Información general
Campo de control de longitud fija 150527b2013 xxu||||| |||| 00| 0 spa d
020 ## - International Standard Book Number
Número Internacional Estándar del Libro (ISBN) 9788490531457
041 ## - Idioma
Código de idioma Español
082 ## - Clasificación Decimal Dewey
Número de clasificación 364 G241p4
100 ## - Entrada principal--Autor personal
Nombre personal Garrido Genovés, Vicente
100 ## - Entrada principal--Autor personal
Nombre personal Stangeland, Per
9 (RLIN) 35315
100 ## - Entrada principal--Autor personal
Nombre personal Redondo Illescas, Santiago
9 (RLIN) 40923
245 ## - Título propiamente dicho
Título Principios de criminología
250 ## - Edición
Mención de edición 4 edición
260 ## - Pie de imprenta
Lugar de publicación, distribución, etc. España
260 ## - Pie de imprenta
Nombre del editor, distribuidor, etc. Tirant Lo Blanch
260 ## - Pie de imprenta
Fecha de publicación, distribución, etc. 2013
300 ## - Descripción física
Extensión 1189 páginas
490 ## - Serie
Título de la Serie Investigación Criminal
650 ## - Materia general
Temática (materia general) CRIMINOLOGÍA
650 ## - Materia general
Temática (materia general) INVESTIGACIÓN CRIMINAL
650 ## - Materia general
Temática (materia general) TEORÍAS CRIMINOLÓGICAS
650 ## - Materia general
Temática (materia general) INFLUENCIAS SOCIALES
650 ## - Materia general
Temática (materia general) PREDISPOSICIONES AGRESIVAS
650 ## - Materia general
Temática (materia general) DIFERENCIAS INDIVIDUALES
650 ## - Materia general
Temática (materia general) DELINCUENCIA
650 ## - Materia general
Temática (materia general) TEORÍAS INTEGRADAS
650 ## - Materia general
Temática (materia general) DELITOS CONTRA LA PROPIEDAD
650 ## - Materia general
Temática (materia general) DELINCUENTE COMÚN
650 ## - Materia general
Temática (materia general) DELITOS CONTRA LA PERSONA
650 ## - Materia general
Temática (materia general) DELINCUENTES VIOLENTOS
650 ## - Materia general
Temática (materia general) DELINCUENTES SEXUALES
650 ## - Materia general
Temática (materia general) VIOLENCIA EN LA FAMILIA
650 ## - Materia general
Temática (materia general) ABUSO SEXUAL DE NIÑOS
650 ## - Materia general
Temática (materia general) DELINCUENCIA ECONÓMICA
650 ## - Materia general
Temática (materia general) DELINCUENCIA ORGANIZADA
650 ## - Materia general
Temática (materia general) VICTIMOLOGÍA
650 ## - Materia general
Temática (materia general) POLICÍA
650 ## - Materia general
Temática (materia general) TRIBUNALES
650 ## - Materia general
Temática (materia general) PRISIONES
650 ## - Materia general
Temática (materia general) PREVENCIÓN DEL DELITO
942 ## - Punto de acceso adicional KOHA
Tipo de ítem KOHA Libro
Fuente del sistema de clasificación o colocación Dewey Decimal Classification
Existencias
Signatura completa Código de barras Programa Académico Tipo de ítem
364 G241p4 21637 Investigación Criminal Libro